000 00527cam a2200169 4500500
005 20260329003913.0
041 _afre
042 _adc
100 1 0 _aPortevin, Catherine
_eauthor
245 0 0 _aPetites Distractions philosophiques
260 _c2017.
500 _a58
690 _aCatherine Portevin
690 _aJeu
786 0 _nPhilosophie magazine | 111 | 7-8 | 2017-07-01 | p. 75-75 | 1951-1787
856 4 1 _uhttps://shs.cairn.info/magazine-philosophie-magazine-2017-7-8-page-75?lang=fr&redirect-ssocas=7080
999 _c1828845
_d1828845